000 00705nam a2200229Ia 4500
005 20250508164706.0
008 008 250505s9999 xx 000 0 eng d
020 _a978-81-7829-879-9
037 _aTextual
040 _aFEDL
_beng
_cFEDL
041 _aeng
_2eng
084 _a371.9, DOV
_qFEDL
100 _aDoveston Mary
_9778873
245 0 _aBecoming a higher level teaching assistant: Primary special educational needs
260 _aExeter, UK
_bLearning Matters Ltd.
_c2006
300 _a116p.
365 _aGBP
_b12
490 _aThe professional teaching assistant
700 _a Cullingford-Agnew Steve
_9778874
942 _cTEXL
_h371.9, DOV
999 _c1390595
_d1390595